Luca teologo : (Record n. 360399)

Dettagli MARC
000 -LEADER
fixed length control field 01086nam a2200277 i 4500
001 - CONTROL NUMBER
control field 000000199735
003 - CONTROL NUMBER IDENTIFIER
control field IT-MiSPE
005 - DATE AND TIME OF LATEST TRANSACTION
control field 20250225120044.0
008 - FIXED-LENGTH DATA ELEMENTS--GENERAL INFORMATION
fixed length control field 031003s1991 xx 000 b ita c
020 ## - INTERNATIONAL STANDARD BOOK NUMBER
International Standard Book Number 88 399 2006 4
040 ## - CATALOGING SOURCE
Original cataloging agency IT-MiSPE
Language of cataloging ita
Transcribing agency IT-MiSPE
082 ## - DEWEY DECIMAL CLASSIFICATION NUMBER
Classification number 226.4-Lc* FIT jo (ppv 23355)
100 1# - MAIN ENTRY--PERSONAL NAME
Personal name Fitzmyer, Joseph A.,
Titles and words associated with a name s.j.,
Dates associated with a name 1920-2016.
9 (RLIN) 61689
240 10 - UNIFORM TITLE
Uniform title Luke the theologian: aspects of his teaching. Italiano. 1991
245 10 - TITLE STATEMENT
Title Luca teologo :
Remainder of title aspetti del suo insegnamento /
Statement of responsibility, etc. Joseph A. Fitzmyer ; traduzione dall'americano di Enzo Gatti.
260 ## - PUBLICATION, DISTRIBUTION, ETC. (IMPRINT)
Place of publication, distribution, etc. Brescia :
Name of publisher, distributor, etc. Queriniana,
Date of publication, distribution, etc. 1991.
300 ## - PHYSICAL DESCRIPTION
Extent 192 p. ;
Dimensions 23 cm
490 1# - SERIES STATEMENT
Series statement Biblioteca biblica ;
Volume/sequential designation 006
500 ## - GENERAL NOTE
General note Tit. orig.: Luke the theologian: aspects of his teaching. Italiano. 1991
504 ## - BIBLIOGRAPHY, ETC. NOTE
Bibliography, etc Commentari e bibliografia scelta: pp. [179]-180
655 07 - INDEX TERM--GENRE/FORM
Genre/form data or focus term Sacra Scrittura. Studi sul Nuovo Testamento
General subdivision Luca: Vangelo - Atti degli Apostoli.
Source of term local
9 (RLIN) 57665
700 1# - ADDED ENTRY--PERSONAL NAME
Personal name Gatti, Enzo,
Relator term tr.
9 (RLIN) 61690
830 #0 - SERIES ADDED ENTRY--UNIFORM TITLE
Uniform title Biblioteca biblica ;
Volume number/sequential designation 006.
9 (RLIN) 60837
942 ## - ADDED ENTRY ELEMENTS (KOHA)
Source of classification or shelving scheme Dewey Decimal Classification
Koha item type LIBRO
Dati di copia
Withdrawn status Lost status Source of classification or shelving scheme Damaged status Not for loan Home library Current library Date acquired Total Checkouts Full call number Barcode Date last seen Price effective from Koha item type
    Dewey Decimal Classification Buone Condizioni Not For Loan CINISELLO CINISELLO 25/02/2025   226.4-Lc* FIT jo (ppv 23355) 9788839920064 25/02/2025 25/02/2025 LIBRO
CREDITS: SOCIETA' SAN PAOLO Via A.Severo, 58 - ROMA (RM) & PERIODICI SAN PAOLO SRL Via Giotto, 36 MILANO & CISF Via Giotto, 36 MILANO & EDIZIONI SAN PAOLO SRL,  Piazza Soncino, 5 CINISELLO BALSAMO (MI) -- ITALY